Statistics for NBA Single Season Records

Click here to take the quiz!

General Stats

  • This quiz has been taken 24 times
  • The average score is 44 of 64

Answer Stats

Records in a season Amt. Answer % Correct
Highest points per game average50.36Wilt Chamberlain
100%
Most consecutive games with 6+ 3-point field goals made5James Harden/Stephen Curry
96%
Most 3-point field goals made402Stephen Curry
96%
Most 3-point field goals attempted1,028James Harden
91%
Most free throws made840Jerry West
87%
Triple-double per game average3xRussell Westbrook
83%
Highest assists per game average14.54John Stockton
78%
Highest win percentage by a head coach89.02%Steve Kerr
74%
Highest offensive rebounds per game average7.2Moses Malone
70%
Most defensive rebounds1,111Kareem Abdul-Jabbar
65%
Longest suspension86Ron Artest
65%
Highest win percentage by a player90.12%Draymond Green
65%
Most technical fouls by a player41Rasheed Wallace
61%
Highest steals per game average3.67Alvin Robertson
48%
Highest 3-point field goal percentage53.64%Kyle Korver
48%
Most consecutive 3-point field goals made13Brent Price/Terry Mills
35%
Highest blocks per game average5.56Mark Eaton
35%
Highest defensive rebounds per game average13.7Elvin Hayes
30%
Most dunks306Rudy Gobert
30%
Highest free throw percentage98.05%José Calderón
26%
Most personal fouls386Darryl Dawkins
9%
Highest rebounds per game average by a non-All-Star19.7Nate Thurmond
9%
Most 3-point field goals made off the bench227Wayne Ellington
4%
Highest points per game average by a non-All-Star28.8World B. Free
4%
Most disqualifications26Don Meineke
4%
Most consecutive disqualifications6Don Boven
4%
Most games played88Walt Bellamy
4%

Score Distribution

Percentile by Number Answered

Percent of People with Each Score

Your Score History

You have not taken this quiz